[Event "77th Armenian Women Championship 2022"]
[Site "Yerevan"]
[Date "2022.01.12"]
[Round "1.1"]
[White "Khachatryan, Veronika"]
[Black "Khachatryan, Anna"]
[Result "1/2-1/2"]
[WhiteElo "2007"]
[BlackElo "2134"]
[Annotator "TA"]
[PlyCount "92"]
[EventDate "2022.01.12"]
[EventType "tourn"]
[EventCountry "ARM"]
[SourceTitle "playchess.com"]
[Source "ChessBase"]
[SourceQuality "1"]

{[%evp 9,92,6,1,-11,0,0,8,8,6,4,2,7,1,0,17,10,8,15,29,0,0,0,8,0,54,27,64,40,46,-48,-24,-53,-25,-63,0,0,0,0,0,-12,0,0,0,0,50,14,6,-23,-8,-12,-8,-9,0,0,0,0,0,0,0,0,0,0,0,-8,0,-37,-32,-29,-22,-22,0,-25,-22,-52,0,0,-12,-47,-6,-38,0,-36,0,-35,0]} 1. c4 Nf6 2. Nc3 e6 3. e4 e5 4. d3 Bc5 {[#]} 5. Be3 $146 ({Predecessor:} 5. Bg5 h6 6. Bh4 d6 7. Nf3 c6 8. a3 Bg4 9. h3 Bh5 10. g4 Bg6 11. Bg2 Nbd7 {½-½ (59) Peptan,C (2394)-Pham,L (2338) Baku 2016}) 5... b6 6. Nge2 {A18: English Opening: Flohr-Mikenas System (1 c4 Nf6 2 Nc3 e6 3 e4).} Bb7 7. Ng3 O-O 8. Be2 {The position is equal.} Nc6 9. O-O Nd4 10. Rb1 a5 11. a3 Ne6 12. b4 axb4 13. axb4 Bd4 14. Nb5 Bxe3 $1 15. fxe3 d6 16. Nc3 Re8 (16... g6 $11) 17. Rf2 (17. Nd5 $5 {[%cal Rd5f6]}) 17... c6 18. b5 (18. Nf5 {keeps more tension.} Bc8 19. Qf1 Ra3 20. Qc1 Ra8 21. b5) 18... cxb5 19. cxb5 (19. Rxb5 $14 Bc6 20. Rb4) 19... d5 $15 20. exd5 Nxd5 21. Nxd5 Qxd5 (21... Bxd5 $15 22. Ne4 Re7) 22. Bf3 $11 Qd7 23. Bxb7 Qxb7 24. Ne4 {[%cal Bg3e4,Be4f6,Bf6d5][%mdl 32]} Qe7 {Inhibits Nd6.} 25. Qg4 {[#] Strongly threatening Nf6+.} Rf8 26. Rbf1 Nc5 (26... Kh8 $11) 27. Nf6+ (27. Ng3 $5 {[%cal Rd3d4]}) 27... Kh8 28. Nd5 Qb7 29. Qc4 f6 30. Nb4 Qf7 31. Rc2 Qxc4 32. dxc4 ({Reject} 32. Rxc4 Ra5 $15) 32... Ra3 33. Nd5 Rb8 34. Kf2 Kg8 35. Ke2 Kf7 36. Rfc1 Ke6 37. Rc3 Ra2+ 38. R1c2 Ra1 39. Rc1 Ra2+ 40. R1c2 Ra4 41. g4 Ne4 (41... h5 $5 42. gxh5 Rh8 $15) 42. Rd3 Rb7 43. Rb3 Nc5 (43... g6 $15) 44. Rbc3 Ne4 (44... g6 $5 {[%cal Rf6f5]}) 45. Rb3 Nc5 46. Rbc3 Ne4 {Weighted Error Value: White=0.13 (very precise) /Black=0.13 (very precise)} (46... g6 $5 {[%cal Rf6f5]}) 1/2-1/2

[Event "77th Armenian Women Championship 2022"]
[Site "Yerevan"]
[Date "2022.01.12"]
[Round "1.2"]
[White "Gasparian, Narine"]
[Black "Gaboyan, Susanna"]
[Result "0-1"]
[WhiteElo "2004"]
[BlackElo "2254"]
[Annotator "TA"]
[PlyCount "72"]
[EventDate "2022.01.12"]
[EventType "tourn"]
[EventCountry "ARM"]
[SourceTitle "playchess.com"]
[Source "ChessBase"]
[SourceQuality "1"]

{[%evp 15,72,-39,-34,-89,-62,-54,-50,-45,-31,-53,-57,-52,-40,-55,-50,-70,-51,-85,-66,-80,-80,-80,-64,-57,-50,-62,0,0,0,0,0,0,0,0,0,0,5,6,45,0,0,-25,-57,-37,-18,-14,0,-91,0,0,0,0,18,18,18,18,36,-29996,-29997]} 1. d4 Nf6 2. Nf3 g6 3. c4 Bg7 4. g3 O-O 5. Nc3 d5 6. Bg2 dxc4 7. O-O {7.Qa4 is not played anymore.} c6 8. Ne5 Be6 9. Bf4 {D78: Fianchetto Grünfeld: 6 0-0 c6.} (9. f4 $15) 9... Nbd7 (9... Nd5 {seems wilder.} 10. Bc1 Nd7 11. Nf3 Bg4 12. Qd2 e6) 10. e4 Nxe5 11. Bxe5 {Black is slightly better.} Qd7 12. Qe2 b5 {[#]} 13. Rfd1 $146 ({Predecessor:} 13. d5 cxd5 14. exd5 Bf5 15. Rfe1 Rac8 16. a4 Bd3 17. Qf3 b4 18. Nb5 Ne8 19. Qe3 {0-1 (28) Ottonelo Gandarias,M (1844)-Soto,N (1993) Montevideo 2019}) 13... Bg4 14. f3 Bh3 15. Bh1 h5 (15... b4 16. Na4 $11) 16. a4 a6 17. Qe3 Rfd8 18. Ne2 Ng4 19. fxg4 {Threatens to win with Bxg7.} Bxe5 20. gxh5 c5 ({Black should play} 20... gxh5 $15 21. Bf3 Bg7) 21. hxg6 $11 fxg6 {[%cal Rc5d4]} 22. Qg5 $1 Qg4 23. Qxe5 Qxe2 {[%cal Re2e3]} 24. Qg5 {To avoid Qe3+} Qg4 (24... cxd4 $2 25. Qxg6+ Kh8 26. Qh6+ Kg8 27. Re1 $18 (27. Qxh3 Qe3+ 28. Kg2 Qe2+ 29. Kg1 Qe3+ 30. Kg2 Qe2+ 31. Kg1 $11)) 25. Qxc5 Rac8 $132 {[%mdl 2048] Black puts up resistance} 26. Qxe7 {Strongly threatening Rd2.} Rd7 {[%cal Bd8d7,Bd7f7,Bf7f2][%mdl 32]} 27. Qh4 (27. Qa3 $14 {feels stronger.}) 27... Qe2 {[%cal Re2e3]} 28. Qh6 {[#] Prevents Qe3+. Black must now prevent e5.} (28. Qxh3 Qe3+ 29. Kg2 Qxe4+ 30. Kf2 (30. Kg1 $2 Qe3+ 31. Kg2 Rf8 $19) 30... Rf8+ 31. Bf3 Rxf3+ 32. Kg1 Rh7 $19) 28... Rf8 $1 {[%csl Gf8][%cal Re2f2]} 29. Bf3 $1 Qxf3 {[%csl Gh3][%cal Rf3g2] The board is on fire.} 30. Qxh3 Rdf7 31. e5 {[#]} ({Don't blunder} 31. Qg2 $2 Qe3+ 32. Kh1 Rf2 $19) (31. Re1 $11 {remains equal.}) 31... Kg7 {Black is much more active.} (31... b4 $1 $17) 32. axb5 axb5 (32... Rh8 $5 33. Qg2 Qe3+ 34. Kh1 Rf2 35. Qb7+ Rf7 $11) 33. Qg2 Qxg2+ 34. Kxg2 Rf2+ 35. Kh3 {d5 is the strong threat.} Kh6 {( -> ...Kg5)} 36. e6 $2 {[%mdl 8192] [#]} (36. Kg4 $14 Rxb2 37. d5) 36... Kg5 $1 {Weighted Error Value: White=0.40/Black=0.16 (very precise)} 0-1

[Event "77th Armenian Women Championship 2022"]
[Site "Yerevan"]
[Date "2022.01.12"]
[Round "1.3"]
[White "Yedigaryan, Asya"]
[Black "Gevorgyan, Maria"]
[Result "1/2-1/2"]
[WhiteElo "2022"]
[BlackElo "2218"]
[Annotator "TA"]
[PlyCount "125"]
[EventDate "2022.01.12"]
[EventType "tourn"]
[EventCountry "ARM"]
[SourceTitle "playchess.com"]
[Source "ChessBase"]
[SourceQuality "1"]

{[%evp 21,125,59,77,19,27,28,22,20,22,-18,0,0,-17,-65,-14,-15,-14,-14,-12,-16,-16,-18,-16,-14,-12,-22,0,0,14,0,0,0,0,0,0,8,16,22,29,35,70,61,75,73,68,62,83,83,75,34,108,22,20,13,14,12,10,0,6,0,145,127,145,128,129,99,121,0,0,0,15,0,0,0,17,0,0,0,0,0,0,0,8,8,8,0,0,0,0,0,0,0,0,0,0,0,0,0,0,0,0,0,0,0,0,0]} 1. e4 c5 2. Nf3 Nc6 3. d4 cxd4 4. Nxd4 e6 5. Nc3 Qc7 6. Be3 a6 7. Qd2 Nf6 8. f3 Be7 9. O-O-O d6 10. g4 b5 11. Nxc6 Qxc6 12. Bg2 {B80: Sicilian Scheveningen: 6 g3 and 6 Be3, including English Attack.} (12. g5 $16 Nd7 13. Qd4) 12... Bb7 $11 13. Kb1 Rc8 {[#]} 14. h4 $146 ({Predecessor:} 14. Rhg1 O-O 15. g5 Nd7 16. f4 b4 17. Ne2 Nc5 18. e5 d5 19. Nd4 Qc7 20. f5 exf5 21. Nxf5 Qxe5 {0-1 (40) Lebedev,A (1623)-Nikolaev,M (1925) Moscow 2021}) 14... Nd7 15. f4 {To avoid Ne5} b4 16. Ne2 Nf6 $1 {[%csl LRe4,LRg4]} 17. Nd4 (17. Ng3 $11 {should be considered.}) 17... Nxe4 18. Nxc6 Nxd2+ 19. Bxd2 Bxc6 20. Bxc6+ Rxc6 21. Bxb4 Kd7 22. Rd4 Rb8 23. c3 Rcb6 {Strongly threatening ...d5.} 24. Rh2 f6 25. Rhd2 h5 26. f5 e5 27. Re4 hxg4 28. Rxg4 Rh8 29. Rxg7 Rxh4 30. Rdg2 Rh5 31. Rf7 $1 Ke8 32. Rgg7 Bf8 33. Rh7 {[#] aiming for Rxf8+. White is more active.} Rxh7 34. Rxh7 $14 {[%mdl 4096] Endgame KRB-KRB} Be7 35. a4 {Prevents Rb5.} (35. Kc2 $16) 35... Kd7 (35... Rc6 $14) 36. Rh8 (36. Ba5 $16 Rc6 37. Rh8) 36... Rc6 $11 37. Kc2 {[#] Hoping for Kd3.} Bd8 $1 38. Rh7+ Kc8 39. Rh8 Kd7 40. Rh7+ Be7 (40... Kc8 $11 {keeps the balance.}) 41. Kd3 $16 {And now Ke4 would win.} Rc8 42. c4 Rb8 43. Ba3 {Black must now prevent c5.} Rc8 {Inhibits c5.} 44. Rh4 (44. b4 $16) 44... Rg8 $11 {The position is equal.} 45. Rh7 Ke8 46. Ke4 {Threatens to win with Kd5.} Rg4+ 47. Kd3 $1 Bd8 48. Bb4 d5 49. Rh8+ Kd7 50. Rh7+ Kc8 51. b3 Rd4+ 52. Kc3 dxc4 53. bxc4 a5 54. Bc5 Rf4 55. Rh5 Rf3+ 56. Kd2 Kd7 57. Be3 Kc6 58. Ke2 Rg3 59. Rh8 Kd7 60. Rh7+ Kc6 61. Rh8 Kd7 62. Rh7+ Kc6 63. Rh8 {Weighted Error Value: White=0.14 (very precise) /Black=0.11 (very precise)} 1/2-1/2

[Event "77th Armenian Women Championship 2022"]
[Site "Yerevan"]
[Date "2022.01.12"]
[Round "1.4"]
[White "Mkrtchyan, Mariam"]
[Black "Avetisyan, Mariam"]
[Result "1/2-1/2"]
[WhiteElo "2262"]
[BlackElo "2012"]
[Annotator "TA"]
[PlyCount "70"]
[EventDate "2022.01.12"]
[EventType "tourn"]
[EventCountry "ARM"]
[SourceTitle "playchess.com"]
[Source "ChessBase"]
[SourceQuality "1"]

{[%evp 11,70,0,-1,0,29,28,34,36,22,36,41,10,14,0,0,-11,36,-6,1,10,9,0,7,0,14,12,25,25,16,0,0,0,0,0,0,0,27,0,0,0,0,0,0,0,0,0,0,0,0,0,0,0,0,0,0,0,0,0,0,0,0]} 1. e4 c5 2. Nf3 e6 3. Nc3 a6 4. d4 cxd4 5. Nxd4 b5 6. Be3 Bb7 7. Bd3 {B43: Sicilian: Kan Variation: 5 Nc3.} Nf6 8. e5 Nd5 9. Nxd5 {White is slightly better.} Bxd5 10. O-O Qc7 11. f4 {[%cal Oc2c4]} (11. Rc1 {feels hotter.} Qxe5 12. c4 bxc4 13. Bxc4 Nc6 14. Bxd5 Qxd5 15. Nxc6 dxc6 16. Qc2) 11... Nc6 12. c3 {[#]} Nxd4 $146 ({Predecessor:} 12... g6 13. a4 Nxd4 14. Bxd4 b4 15. Qe2 bxc3 16. bxc3 Bc5 17. Bxa6 Bxg2 18. Kxg2 Bxd4 {½-½ (45) Brajovic,R (2390)-Tosic,M (2415) Niska Banja 1996}) 13. Bxd4 g6 (13... Bc5 $11 {should be considered.}) 14. Be2 (14. b4 $14) 14... Be7 15. Bf3 Bc6 16. Qd2 O-O 17. Qe3 Rfc8 18. g4 Rab8 19. Rac1 Qb7 20. f5 Bxf3 21. Qxf3 ({Reject} 21. Rxf3 {[#]} Bg5 $1 {[%mdl 512]} 22. Qxg5 Qxf3 $17) 21... Qxf3 22. Rxf3 Bc5 23. Rd1 Rb7 24. Rfd3 gxf5 {The position is equal.} 25. gxf5 exf5 26. Rf1 b4 27. c4 b3 28. axb3 Bxd4+ 29. Rxd4 Rxb3 30. Rxf5 Rxb2 31. Rxd7 Rxc4 {White must now prevent ...Rc1+.} 32. Rdxf7 $11 {KRR-KRR} Rc1+ 33. Rf1 Rxf1+ 34. Rxf1 Re2 35. Ra1 Rxe5 {Weighted Error Value: White=0.06 (flawless) /Black=0.05 (flawless)} 1/2-1/2

[Event "77th Armenian Women Championship 2022"]
[Site "Yerevan"]
[Date "2022.01.12"]
[Round "1.5"]
[White "Arakelyan, Nare"]
[Black "Hakobyan, Astghik"]
[Result "1-0"]
[WhiteElo "1912"]
[BlackElo "2053"]
[Annotator "ChessBase"]
[PlyCount "65"]
[EventDate "2022.01.12"]
[EventType "tourn"]
[EventCountry "ARM"]
[SourceTitle "playchess.com"]
[Source "ChessBase"]
[SourceQuality "1"]
[TimeControl "40/5400+30:1800+30"]

1. e4 {[%emt 0:00:21]} c6 {[%emt 0:00:35]} 2. d4 {[%emt 0:00:26]} d5 {[%emt 0:00:14]} 3. Nc3 {[%emt 0:00:24]} dxe4 {[%emt 0:00:33]} 4. Nxe4 {[%emt 0:00:21]} Nf6 {[%emt 0:00:27]} 5. Nxf6+ {[%emt 0:01:02]} exf6 {[%emt 0:00:09]} 6. c3 {[%emt 0:00:32]} Bd6 {[%emt 0:00:44]} 7. Bd3 {[%emt 0:00:14]} O-O {[%emt 0:02:10]} 8. Qc2 {[%emt 0:00:09]} Re8+ {[%emt 0:00:06]} 9. Ne2 {[%emt 0:00:03]} h5 {[%emt 0:00:41]} 10. Be3 {[%emt 0:02:19]} Nd7 {[%emt 0:00:36]} 11. O-O-O {[%emt 0:00:38]} Nf8 {[%emt 0:00:23]} 12. Kb1 {[%emt 0:15:50]} Be6 {[%emt 0:01:44]} 13. c4 {[%emt 0:04:35]} b5 {[%emt 0:03:45]} 14. d5 {[%emt 0:08:21]} cxd5 {[%emt 0:04:51]} 15. c5 {[%emt 0:04:05]} Rc8 {[%emt 0:17:05]} 16. Bxb5 {[%emt 0:03:40]} Nd7 {[%emt 0:02:21]} 17. c6 {[%emt 0:08:39]} Ne5 {[%emt 0:12:31]} 18. Qa4 {[%emt 0:12:42]} Qc7 {[%emt 0:11:49]} 19. Nf4 {[%emt 0:07:18]} Nc4 {[%emt 0:18:27]} 20. Nxd5 {[%emt 0:02:52]} Bxd5 {[%emt 0:00:17]} 21. Rxd5 {[%emt 0:00:03]} Nxe3 {[%emt 0:00:58]} 22. fxe3 {[%emt 0:00:03]} Rxe3 {[%emt 0:03:56]} 23. Qd4 {[%emt 0:05:33]} Re5 {[%emt 0:05:05]} 24. Rxd6 {[%emt 0:04:10]} Rxb5 {[%emt 0:00:02]} 25. Rd1 {[%emt 0:02:28]} Re8 {[%emt 0:07:37]} 26. Qc4 {[%emt 0:01:40]} Qa5 {[%emt 0:05:42]} 27. Rd7 {[%emt 0:03:51]} Rf8 {[%emt 0:00:36]} 28. Rc1 {[%emt 0:00:51]} Qb6 {[%emt 0:00:33]} 29. b3 {[%emt 0:00:35]} Rb4 {[%emt 0:00:23]} 30. Qd5 {[%emt 0:01:20]} Rb5 {[%emt 0:00:25]} 31. Qc4 {[%emt 0:03:32]} Rb4 {[%emt 0:00:38]} 32. Qd3 {[%emt 0:00:22]} Rb5 {[%emt 0:00:34]} 33. Rb7 {[%emt 0:00:43]} 1-0

[Event "77th Armenian Women Championship 2022"]
[Site "Yerevan"]
[Date "2022.01.13"]
[Round "2.1"]
[White "Avetisyan, Mariam"]
[Black "Yedigaryan, Asya"]
[Result "1/2-1/2"]
[WhiteElo "2012"]
[BlackElo "2022"]
[Annotator "ChessBase"]
[PlyCount "69"]
[EventDate "2022.01.12"]
[EventType "tourn"]
[EventCountry "ARM"]
[SourceTitle "playchess.com"]
[Source "ChessBase"]
[SourceQuality "1"]
[TimeControl "40/5400+30:1800+30"]

1. e4 {[%emt 0:01:38]} e6 {[%emt 0:00:35]} 2. d4 {[%emt 0:00:23]} d5 {[%emt 0:00:05]} 3. Bd3 {[%emt 0:00:07]} dxe4 {[%emt 0:00:11]} 4. Bxe4 {[%emt 0:00:05]} Nf6 {[%emt 0:00:04]} 5. Bf3 {[%emt 0:00:05]} c5 {[%emt 0:04:13]} 6. Ne2 {[%emt 0:06:14]} Be7 {[%emt 0:05:19]} 7. O-O {[%emt 0:01:15]} O-O {[%emt 0:00:35]} 8. Be3 {[%emt 0:15:43]} Nbd7 {[%emt 0:06:48]} 9. Nbc3 {[%emt 0:16:12]} cxd4 {[%emt 0:12:13]} 10. Bxd4 {[%emt 0:05:46]} Qa5 {[%emt 0:09:19]} 11. Nc1 {[%emt 0:12:05]} Ne5 {[%emt 0:12:55]} 12. Nb3 {[%emt 0:02:35]} Nxf3+ {[%emt 0:00:23]} 13. Qxf3 {[%emt 0:00:04]} Qf5 {[%emt 0:13:35]} 14. Qxf5 {[%emt 0:03:29]} exf5 {[%emt 0:00:06]} 15. Rfe1 {[%emt 0:04:13]} Be6 {[%emt 0:10:04]} 16. Bc5 {[%emt 0:11:51]} Rfe8 {[%emt 0:05:07]} 17. Bxe7 {[%emt 0:01:20]} Rxe7 {[%emt 0:00:30]} 18. Nd4 {[%emt 0:02:43]} g6 {[%emt 0:02:58]} 19. Nxe6 {[%emt 0:03:40]} Rxe6 {[%emt 0:02:22]} 20. Rxe6 {[%emt 0:06:30]} fxe6 {[%emt 0:00:13]} 21. Re1 {[%emt 0:02:22]} Kf7 {[%emt 0:01:56]} 22. Nb5 {[%emt 0:00:27]} Rd8 {[%emt 0:00:25]} 23. Nxa7 {[%emt 0:01:37]} Ra8 {[%emt 0:00:35]} 24. Nb5 {[%emt 0:00:04]} Rxa2 {[%emt 0:00:05]} 25. Rb1 {[%emt 0:00:42]} Ke7 {[%emt 0:02:00]} 26. Nc3 {[%emt 0:00:27]} Ra6 {[%emt 0:00:50]} 27. f3 {[%emt 0:00:54]} Nd5 {[%emt 0:06:00]} 28. Nxd5+ {[%emt 0:00:54]} exd5 {[%emt 0:00:05]} 29. Rd1 {[%emt 0:00:37]} Ra2 {[%emt 0:01:11]} 30. Rxd5 {[%emt 0:00:38]} Rxb2 {[%emt 0:00:05]} 31. Rd2 {[%emt 0:00:13]} b5 {[%emt 0:01:38]} 32. Kf2 {[%emt 0:00:27]} b4 {[%emt 0:00:08]} 33. f4 {[%emt 0:00:53]} b3 {[%emt 0:00:12]} 34. Re2+ {[%emt 0:00:04]} Kf6 {[%emt 0:00:17]} 35. cxb3 {[%emt 0:00:15]} 1/2-1/2

[Event "77th Armenian Women Championship 2022"]
[Site "Yerevan"]
[Date "2022.01.13"]
[Round "2.2"]
[White "Hakobyan, Astghik"]
[Black "Mkrtchyan, Mariam"]
[Result "1-0"]
[WhiteElo "2053"]
[BlackElo "2262"]
[Annotator "ChessBase"]
[PlyCount "85"]
[EventDate "2022.01.12"]
[EventType "tourn"]
[EventCountry "ARM"]
[SourceTitle "playchess.com"]
[Source "ChessBase"]
[SourceQuality "1"]
[TimeControl "40/5400+30:1800+30"]

1. e4 {[%emt 0:02:29]} c6 {[%emt 0:00:06]} 2. Nf3 {[%emt 0:00:36]} d5 {[%emt 0:00:10]} 3. Nc3 {[%emt 0:00:23]} dxe4 {[%emt 0:00:39]} 4. Nxe4 {[%emt 0:00:34]} Nf6 {[%emt 0:00:09]} 5. Qe2 {[%emt 0:00:17]} Nxe4 {[%emt 0:04:54]} 6. Qxe4 {[%emt 0:00:09]} Be6 {[%emt 0:00:03]} 7. b3 {[%emt 0:00:37]} Nd7 {[%emt 0:02:21]} 8. Bb2 {[%emt 0:01:10]} Nf6 {[%emt 0:00:24]} 9. Qf4 {[%emt 0:02:44]} Qa5 {[%emt 0:06:05]} 10. Ng5 {[%emt 0:09:03]} Nh5 {[%emt 0:03:56]} 11. Qh4 {[%emt 0:07:39]} O-O-O {[%emt 0:20:20]} 12. Bd3 {[%emt 0:27:29]} Nf6 {[%emt 0:08:13]} 13. Nxe6 {[%emt 0:00:53]} fxe6 {[%emt 0:00:02]} 14. Bc3 {[%emt 0:02:48]} Qc5 {[%emt 0:04:58]} 15. O-O {[%emt 0:12:51]} Nd5 {[%emt 0:04:51]} 16. Bd4 {[%emt 0:02:56]} Qd6 {[%emt 0:00:07]} 17. Rfe1 {[%emt 0:05:39]} Qf4 {[%emt 0:01:07]} 18. Re4 {[%emt 0:01:42]} Qxh4 {[%emt 0:08:58]} 19. Rxh4 {[%emt 0:00:01]} Nb4 {[%emt 0:01:09]} 20. Bc4 {[%emt 0:03:48]} Nxc2 {[%emt 0:01:27]} 21. Bxe6+ {[%emt 0:00:03]} Kb8 {[%emt 0:00:35]} 22. Be5+ {[%emt 0:00:06]} Ka8 {[%emt 0:00:04]} 23. Rd1 {[%emt 0:01:37]} c5 {[%emt 0:05:44]} 24. Rc1 {[%emt 0:04:43]} Rxd2 {[%emt 0:04:22]} 25. Rc4 {[%emt 0:00:19]} Na3 {[%emt 0:06:16]} 26. Rxc5 {[%emt 0:00:07]} a6 {[%emt 0:00:03]} 27. Rc8+ {[%emt 0:00:38]} Ka7 {[%emt 0:00:00]} 28. Bf4 {[%emt 0:00:08]} Re2 {[%emt 0:00:12]} 29. Bd7 {[%emt 0:02:08]} g6 {[%emt 0:03:20]} 30. Kf1 {[%emt 0:01:24]} Re4 {[%emt 0:00:28]} 31. Be3+ {[%emt 0:00:12]} Rxe3 {[%emt 0:00:06]} 32. fxe3 {[%emt 0:00:04]} Bg7 {[%emt 0:00:25]} 33. Rxh8 {[%emt 0:01:04]} Bxh8 {[%emt 0:00:01]} 34. Ke2 {[%emt 0:00:59]} Bb2 {[%emt 0:00:08]} 35. Rc8 {[%emt 0:00:17]} Nb1 {[%emt 0:01:09]} 36. Kd3 {[%emt 0:00:06]} Be5 {[%emt 0:00:10]} 37. h3 {[%emt 0:00:50]} b5 {[%emt 0:00:04]} 38. Re8 {[%emt 0:03:02]} Bf6 {[%emt 0:00:27]} 39. e4 {[%emt 0:00:47]} Nc3 {[%emt 0:04:38]} 40. e5 {[%emt 0:00:00]} Bxe5 {[%emt 0:00:00]} 41. Rxe7 {[%emt 0:01:02]} Bd6 {[%emt 0:00:05]} 42. Re6 {[%emt 0:00:34]} Bb4 {[%emt 0:00:04]} 43. a3 {[%emt 0:00:14]} 1-0

[Event "77th Armenian Women Championship 2022"]
[Site "Yerevan"]
[Date "2022.01.13"]
[Round "2.3"]
[White "Gaboyan, Susanna"]
[Black "Gevorgyan, Maria"]
[Result "1-0"]
[WhiteElo "2254"]
[BlackElo "2218"]
[Annotator "ChessBase"]
[PlyCount "117"]
[EventDate "2022.01.12"]
[EventType "tourn"]
[EventCountry "ARM"]
[SourceTitle "playchess.com"]
[Source "ChessBase"]
[SourceQuality "1"]
[TimeControl "40/5400+30:1800+30"]

1. Nf3 {[%emt 0:00:06]} Nf6 {[%emt 0:00:07]} 2. g3 {[%emt 0:00:06]} b6 {[%emt 0:00:14]} 3. Bg2 {[%emt 0:00:08]} Bb7 {[%emt 0:00:04]} 4. O-O {[%emt 0:00:10]} g6 {[%emt 0:00:04]} 5. d3 {[%emt 0:01:42]} Bg7 {[%emt 0:00:10]} 6. e4 {[%emt 0:00:08]} O-O {[%emt 0:00:06]} 7. Nc3 {[%emt 0:04:31]} c5 {[%emt 0:00:53]} 8. Bf4 {[%emt 0:06:40]} d6 {[%emt 0:01:31]} 9. Qd2 {[%emt 0:00:49]} Nbd7 {[%emt 0:09:26]} 10. Bh6 {[%emt 0:00:58]} a6 {[%emt 0:00:12]} 11. a4 {[%emt 0:00:24]} Ne8 {[%emt 0:06:56]} 12. Bxg7 {[%emt 0:00:33]} Kxg7 {[%emt 0:00:01]} 13. Ng5 {[%emt 0:04:34]} h6 {[%emt 0:14:30]} 14. Nh3 {[%emt 0:00:11]} e6 {[%emt 0:03:38]} 15. f4 {[%emt 0:06:06]} f5 {[%emt 0:02:46]} 16. exf5 {[%emt 0:02:24]} Bxg2 {[%emt 0:00:06]} 17. Qxg2 {[%emt 0:00:32]} exf5 {[%emt 0:04:41]} 18. Rae1 {[%emt 0:01:15]} Ndf6 {[%emt 0:00:36]} 19. Re2 {[%emt 0:03:08]} d5 {[%emt 0:03:28]} 20. Rfe1 {[%emt 0:10:07]} Ra7 {[%emt 0:00:19]} 21. Nf2 {[%emt 0:08:14]} d4 {[%emt 0:06:47]} 22. Nb1 {[%emt 0:02:25]} Nd5 {[%emt 0:03:48]} 23. Na3 {[%emt 0:00:27]} Nef6 {[%emt 0:05:25]} 24. Nc4 {[%emt 0:07:12]} b5 {[%emt 0:01:45]} 25. Ne5 {[%emt 0:00:10]} Qd6 {[%emt 0:02:55]} 26. Qf3 {[%emt 0:01:40]} Re7 {[%emt 0:04:32]} 27. Nd1 {[%emt 0:08:32]} bxa4 {[%emt 0:04:40]} 28. Nc4 {[%emt 0:02:21]} Rxe2 {[%emt 0:03:41]} 29. Rxe2 {[%emt 0:05:24]} Qd7 {[%emt 0:02:11]} 30. Re5 {[%emt 0:03:29]} Re8 {[%emt 0:05:07]} 31. Nf2 {[%emt 0:07:25]} Rxe5 {[%emt 0:02:49]} 32. fxe5 {[%emt 0:00:06]} Ng8 {[%emt 0:00:17]} 33. h4 {[%emt 0:05:56]} Nge7 {[%emt 0:02:10]} 34. Nh3 {[%emt 0:00:23]} Qb5 {[%emt 0:05:12]} 35. Kh2 {[%emt 0:04:12]} Qc6 {[%emt 0:02:19]} 36. Nf4 {[%emt 0:02:42]} Nxf4 {[%emt 0:02:24]} 37. Qxf4 {[%emt 0:00:03]} Nd5 {[%emt 0:00:16]} 38. Qf3 {[%emt 0:00:09]} Qe6 {[%emt 0:00:52]} 39. Kg2 {[%emt 0:02:29]} Ne7 {[%emt 0:00:34]} 40. Kh2 {[%emt 0:00:00]} Qd5 {[%emt 0:00:00]} 41. Qf4 {[%emt 0:04:04]} Qe6 {[%emt 0:07:11]} 42. Kg2 {[%emt 0:04:16]} Nd5 {[%emt 0:02:05]} 43. Qf3 {[%emt 0:03:41]} g5 {[%emt 0:01:10]} 44. hxg5 {[%emt 0:05:19]} hxg5 {[%emt 0:00:04]} 45. Qh5 {[%emt 0:00:07]} Qg6 {[%emt 0:00:04]} 46. Qf3 {[%emt 0:00:11]} Qc6 {[%emt 0:00:42]} 47. Kg1 {[%emt 0:00:29]} Ne7 {[%emt 0:06:41]} 48. Qh5 {[%emt 0:01:16]} Qg6 {[%emt 0:00:13]} 49. Qf3 {[%emt 0:01:37]} g4 {[%emt 0:04:22]} 50. Qb7 {[%emt 0:01:06]} Qe6 {[%emt 0:00:28]} 51. Qb6 {[%emt 0:04:19]} Qc6 {[%emt 0:02:59]} 52. Qd8 {[%emt 0:01:16]} Kf7 {[%emt 0:01:07]} 53. Nd6+ {[%emt 0:04:18]} Ke6 {[%emt 0:00:16]} 54. Ne8 {[%emt 0:00:19]} Nd5 {[%emt 0:04:18]} 55. Nd6 {[%emt 0:03:56]} Qd7 {[%emt 0:05:52]} 56. Qh8 {[%emt 0:00:02]} Ne3 {[%emt 0:02:05]} 57. Qf6+ {[%emt 0:01:18]} Kd5 {[%emt 0:00:01]} 58. Nc8 {[%emt 0:00:18]} Nc4 {[%emt 0:01:36]} 59. Ne7+ {[%emt 0:00:17]} 1-0